000 02028cam a22004454i 4500
003 PE-LiUPU
005 20250731173134.0
008 150623s r 000 0 d
020 _a0816311382
035 _a(Sirsi) i9780816311385
040 _aPE-LiUPU
_bspa
_cPE-LiUPU
_erda
049 _aPRUA
082 0 4 _a230
_bG23
_221
100 1 _aGane, Erwin R.,
_eautor.
245 1 0 _aThis we believe /
_cErwin R. gane.
264 1 _aOshawa, Ontario, Canada :
_bPacific Press Publishing Association,
_c1993.
300 _a250 páginas ;
_c20 centímetros
336 _atext
_2rdacontent
337 _aunmediated
_2rdamedia
338 _avolume
_2rdacarrier
505 0 _aWords to grow by. -What is God like?. -"How much he cares". -God came to us. -"When he comes". -Where were you?. -"How can I quit?". -Why do tigers bite?. -Springtime in life's garden. -How Christ saves us. -Why belong to the Church?. -"Here they are!". -"Blest be the tie that binds". -Baptism by immersion. -The humble remember. -What more can he do?. -A true prophet. -The law of love. -Why should christians observe the Bible sabbath?. -It takes more than a label. -Why are standards of conduct important?. -Marriage and the family. -Good news, ancient and modern. -Wanting Jesus to come. -Hope beyond the grave. -The new millennium. -Free at last!.
526 _aSEG42
526 _aSEG41
526 _aSEG40
526 _aSEG39
526 _aP94
526 _aP87
526 _aP86
526 _aP85
526 _aP77
526 _aP76
526 _aP35
610 2 _aIASD
_xDoctrinas.
942 _2ddc
_cBOOK
949 _a230 G23
_wDEWEY
_c1
_i52209
_lCCODEBUL1
_mBUL
_p10.00
_r0
_sY
_tBOOK
_u2015-6-24
_xTEOLOGIA
_PP35
_0COMPRA
_o.STAFF. Colección General
994 _aC0
_bPEPRU
596 _a1
999 _a230 G23
_wDEWEY
_c34020
_i52209
_f2021-11-9
_g5
_lCCODEBUL1
_mBUL
_p10.00
_r0
_sY
_tBOOK
_u2015-6-24
_xTEOLOGIA
_PP35
_0COMPRA
_o.STAFF. Colección General
_d34020
980 _81
_gALBERTO SANCHEZ Responsable de Automatización